|
|
|
|
| LEADER |
01509nam a2200301 a 4500 |
| 001 |
3542380 |
| 008 |
091115s1998 maua b 001 0 eng d |
| 010 |
|
|
|a 97013806
|
| 020 |
|
|
|a 0256164592 (acid-free paper)
|
| 020 |
|
|
|a 0256271348 (Wall Street Journal ed.)
|
| 040 |
|
|
|a DLC
|c DLC
|d DLC
|
| 082 |
0 |
0 |
|a 332.6
|2 21
|
| 100 |
1 |
|
|a Bodie, Zvi.
|
| 245 |
1 |
0 |
|a Essentials of investments /
|c Zvi Bodie, Alex Kane, Alan J. Marcus.
|
| 250 |
|
|
|a 3rd ed.
|
| 260 |
|
|
|a Boston, Mass. :
|b Irwin/McGraw Hill,
|c c1998.
|
| 300 |
|
|
|a xxiv, 611 p. :
|b ill. (some col.) ;
|c 27 cm.
|
| 490 |
0 |
|
|a Irwin/McGraw-Hill series in finance, insurance, and real estate
|
| 504 |
|
|
|a Includes bibliographical references (p. 590-593) and indexes.
|
| 541 |
1 |
|
|e 00011195
|
| 650 |
|
0 |
|a Investments.
|
| 700 |
1 |
|
|a Kane, Alex.
|
| 700 |
1 |
|
|a Marcus, Alan J.
|
| 852 |
4 |
|
|a Ayesha Abed Library
|j General Shelf.
|
| 999 |
|
|
|c 5532
|d 5532
|
| 952 |
|
|
|0 0
|1 0
|2 ddc
|4 0
|6 332_600000000000000_BOD_1998
|7 0
|9 5408
|a BRACUL
|b BRACUL
|c GEN
|d 2009-11-16
|g 0.00
|l 11
|m 62
|o 332.6 BOD
|p 3010011195
|r 2025-10-12
|s 2025-10-08
|t 1
|w 2009-11-16
|y BK
|x No price found in the accession register.
|
| 952 |
|
|
|0 0
|1 0
|2 ddc
|4 0
|6 332_600000000000000_BOD_1998
|7 0
|9 5847
|a BRACUL
|b BRACUL
|c GEN
|d 2009-12-06
|g 0.00
|l 5
|m 57
|o 332.6 BOD
|p 3010011196
|r 2026-02-25
|s 2026-02-23
|t 2
|w 2009-12-06
|y BK
|x No price found in the accession register.
|
| 952 |
|
|
|0 0
|1 0
|2 ddc
|4 0
|6 332_600000000000000_BOD_1998
|7 0
|9 7695
|a BRACUL
|b BRACUL
|c GEN
|d 2010-02-01
|l 4
|m 48
|o 332.6 BOD
|p 3010011197
|r 2026-04-06
|s 2025-10-15
|t 3
|w 2010-02-01
|y BK
|